Separated Large Cities (USA) II Quiz Stats

 Plays Quiz Updated Aug 2, 2015

Challenge
Share
Tweet
Score 0/50 Timer 07:00
0 Plays Today
% Correct
Los
97%
San
96.6%
Las
96.5%
Salt
96.4%
San
96.3%
Cleve
96.2%
Atlan
95.8%
Pitts
95.6%
Albu
95.6%
Balti
95.4%
San
95.4%
Hono
95%
Mem
94.9%
De
94.5%
Phoe
94.5%
Hous
94.4%
Bos
94.2%
Char
94.2%
Arling
94.1%
Minne
94.1%
San
94.1%
Mont
94%
Den
93.7%
Des
93.3%
Indiana
93%
% Correct
Long
93%
Oma
92.9%
Louis
92.4%
Corpus
92.4%
Jersey
92%
Fort
91.7%
Lin
91.6%
Bakers
91.3%
Fres
91.3%
Mi
90.8%
Ana
90.7%
Boi
89.4%
Greens
88.6%
Winston–
86.9%
Tam
86.2%
Yonk
86.2%
Re
85.6%
Spo
85.5%
Fayette
85.3%
Ir
84.2%
Ak
82.1%
Taco
81.7%
Lub
80.1%
Pla
75.2%
Me
70.6%

You're not logged in!

Compare scores with friends on all Sporcle quizzes.
OR
Log In

You Might Also Like...

Show Comments

Extras

Top Quizzes Today


Score Distribution

Your Account Isn't Verified!

In order to create a playlist on Sporcle, you need to verify the email address you used during registration. Go to your Sporcle Settings to finish the process.

Report this User

Report this user for behavior that violates our Community Guidelines.

Details: